header

Dunes (Record no. 61445)

MARC details
000 -LEADER
fixed length control field 01524nam a2200385 a 4500
082 04 - DEWEY DECIMAL CLASSIFICATION NUMBER
Classification number 551.3/75
100 1# - MAIN ENTRY--AUTHOR NAME
Personal name Warren, Andrew.
245 10 - TITLE STATEMENT
Title Dunes
260 ## - PUBLICATION, DISTRIBUTION, ETC. (IMPRINT)
Place of publication Hoboken, N.J. :
Name of publisher Wiley/Blackwell,
Year of publication 2013.
300 ## - PHYSICAL DESCRIPTION
Number of Pages xiv, 219 p. :
Other physical details ill.
490 1# - SERIES STATEMENT
Series statement RGS-IBG book series
505 0# - FORMATTED CONTENTS NOTE
Formatted contents note pt. 1. <10 m[superscript]2; <10 years -- pt. 2. 1000 to 10,000 m[superscript]2; 100 to 1000 years -- pt. 3. >0.3 mm; <2,200,000,000 years -- pt. 4. Care.
650 #0 - SUBJECT ADDED ENTRY--TOPICAL TERM
Topical Term Sand dunes
Topical Term Geomorphology.
Topical Term Sand dunes
856 40 - ELECTRONIC LOCATION AND ACCESS
Uniform Resource Identifier http://site.ebrary.com/lib/rucke/Doc?id=10682355

No items available.

© 2026 Rongo University
Contact us: librarian | system librarian | Rongo university